| 000 | 00386pab a2200157 454500 | ||
|---|---|---|---|
| 008 | 180718b1988 xxu||||| |||| 00| 0 eng d | ||
| 100 | _aAuerbach, Alan | ||
| 245 | _aInvestment tax incentives and frequent tax reform | ||
| 260 | _c1988 | ||
| 300 | _a211-6 | ||
| 362 | _aMay | ||
| 650 | _aTaxation | ||
| 700 | _aJames R. Hines | ||
| 773 | _aAmerican Economic Review | ||
| 909 | _a18973 | ||
| 999 |
_c18973 _d18973 |
||